Actas del I Congreso de Historia de Andalucía. (Record no. 46776)

MARC details
000 -LEADER
campo de control de longitud fija 01004nam a2200217 i 4500
001 - NÚMERO DE CONTROL
campo de control 46776
003 - IDENTIFICADOR DE NÚMERO DE CONTROL
campo de control ES-MaACL
005 - FECHA Y HORA DE LA ÚLTIMA TRANSACCIÓN
campo de control 20230906161439.0
007 - CAMPO FIJO DE DESCRIPCIÓN FÍSICA--INFORMACIÓN GENERAL
campo de control de longitud fija t|
008 - DATOS DE LONGITUD FIJA--INFORMACIÓN GENERAL
campo de control de longitud fija 030401m19781979sp ||||1| spa d
020 ## - NÚMERO INTERNACIONAL ESTÁNDAR DEL LIBRO
Número Internacional Estándar del Libro 84-500-2608-3
111 2# - ENTRADA PRINCIPAL--NOMBRE DE CONGRESO/REUNIÓN
Nombre de congreso/reunión o jurisdicción como elemento de entrada Congreso de Historia de Andalucía (
Número del congreso/reunión o número de parte o sección 1º.
Fecha del congreso o de la firma del tratado 1976.
Sede del congreso/Lugar de la reunión Córdoba)
9 (RLIN) 304
245 10 - MENCIÓN DEL TÍTULO
Título Actas del I Congreso de Historia de Andalucía.
260 ## - PUBLICACIÓN, DISTRIBUCIÓN, ETC.
Lugar de publicación, distribución, etc. Córdoba :
Nombre del editor, distribuidor, etc. Monte de Piedad y Caja de Ahorros de Córdoba,
Fecha de publicación, distribución, etc. 1978-1979.
300 ## - DESCRIPCIÓN FÍSICA
Extensión 6 t. en 9 v. :
Otras características físicas il., mapas ;
Dimensiones 24 cm.
504 ## - NOTA DE BIBLIOGRAFÍA, ETC.
Nota de bibliografía, etc. Referencias bibliográficas.
505 8# - NOTA DE CONTENIDO CON FORMATO
Nota de contenido con formato Contiene: I. Fuentes y metodología : Andalucía en la antigüedad - II-III. Andalucía medieval - IV-V. Andalucía moderna (siglos XVI-XVII) - VI-VII. Andalucía moderna (siglo XVIII) - VIII. Andalucía contemporánea (siglos XIX y XX) - IX. Andalucía hoy
651 #4 - PUNTO DE ACCESO ADICIONAL DE MATERIA--NOMBRE GEOGRÁFICO
Nombre geográfico Andalucía-
Subdivisión general Historia-
Subdivisión de forma Congresos y asambleas.
9 (RLIN) 172799
710 2# - ENTRADA AGREGADA--NOMBRE DE ENTIDAD CORPORATIVA
Nombre de entidad corporativa o nombre de jurisdicción como elemento de entrada Monte de Piedad y Caja de Ahorros de Córdoba.
9 (RLIN) 5763
852 ## - LOCALIZACIÓN
Ubicación ES-MaACL
Número de control de estantería P-163
Holdings
Estatus retirado Estado de pérdida Estado de daño No para préstamo Biblioteca de origen Biblioteca actual Ubicación en estantería Fecha de adquisición Fuente de adquisición Total de préstamos Signatura topográfica completa Código de barras Visto por última vez Precio de reemplazo Tipo de ítem Koha
        Biblioteca del Ateneo de Madrid Biblioteca del Ateneo de Madrid Depósito 2 17/01/2008     P-163 1049198 23/02/2023 23/02/2023 Libro impreso